Analysis of heavy metals in vegetables using flame atomic absorbtion spectrophotometry /
Saved in:
| Main Author: | |
|---|---|
| Format: | Thesis Book |
| Language: | English |
| Published: |
2007.
|
| Subjects: | |
| Tags: |
Add Tag
No Tags, Be the first to tag this record!
|
| LEADER | 01044cam a2200253 a 4500 | ||
|---|---|---|---|
| 001 | u749209 | ||
| 003 | SIRSI | ||
| 005 | 200712061637 | ||
| 008 | 071206s2007 my a t 000 0 eng m | ||
| 040 | |a UMM | ||
| 090 | |a QD3 |b UM 2007 Lim | ||
| 100 | 1 | |a Lim, Shi Yi | |
| 245 | 1 | 0 | |a Analysis of heavy metals in vegetables using flame atomic absorbtion spectrophotometry / |c Lim Shi Yi. |
| 260 | |c 2007. | ||
| 300 | |a x, 121 leaves : |b ill. ; |c 30 cm. | ||
| 500 | |a A research report submitted in partial fulfillment of course SGCS 6189 to the Chemistry Department, University of Malaya, Kuala Lumpur. | ||
| 502 | |a Dissertation (M.Sc. (Analytical Chem. Instrumental Anal.)) -- Jabatan Kimia, Fakulti Sains, Universiti Malaya, 2007. | ||
| 504 | |a Bibliography: leaves 106-121. | ||
| 650 | 0 | |a Heavy metals |x Analysis. | |
| 650 | 0 | |a Spectrophotometry. | |
| 710 | 2 | |a Universiti Malaya. |b Jabatan Kimia. | |
| 900 | |a SK | ||
| 596 | |a 1 | ||
| 999 | |a QD3 UM 2007 LIM |w LC |c 1 |i A513156131 |d 18/5/2017 |e 18/5/2017 |f 19/12/2007 |g 1 |l STACKS |m P01UTAMA |n 15 |r Y |s Y |t TESIS |u 19/12/2007 | ||
